000 00342nam a22001571a 4500
082 _aH3
_bCHI/B
100 _aChitra Mudgal
245 _aBhookh/
_cby Chitra Mudgal
260 _aDelhi:
_bJnan Ganga,
_c2002.
300 _a132p.
650 _aNovel Hindi
650 _aLiterature Hindi
650 _aLiterature
942 _cBK
942 _cBK
999 _c5394
_d5394